000 00567nam a2200217Ii 4500
003 JO-AjNU
008 230606s9999||||xx |||||||||||||| ||und||
020 _a978-0596-00773-7
040 _aJO-AjNU
_beng
_erda
_cJO-AjNU
041 _aeng
050 1 4 _aQA76.73.J38.F553.2005
100 3 _aFlangaan,David,
_eauthor
_9839
245 0 0 _aJAVA Anutshell
250 _a5 ed
264 3 1 _aCAMBRIDG:Oreilly,2005
300 _a1224p
336 _atext
_btxt
_2rdacontent
337 _aunmediated
_bn
_2rdamedia
338 _avolume
_bnc
_2rdacarrier
650 4 _aJAVA
_9840
999 _aE444
_c444
_d444